000 00296nam a2200097Ia 4500
082 _a820.711 KANE
245 0 _aIntroduction to English literary studies
100 _a KANE, Gwen Cape Town, South Africa, [2012?] 3rd ed
_985550
942 _cBK
008 210817s9999 xx 000 0 und d
999 _c320219
_d320218